Fluid mechanics: (Record no. 3731)

MARC details
000 -LEADER
fixed length control field 00687nam a22002057a 4500
003 - CONTROL NUMBER IDENTIFIER
control field OSt
005 - DATE AND TIME OF LATEST TRANSACTION
control field 20250717030318.0
008 - FIXED-LENGTH DATA ELEMENTS--GENERAL INFORMATION
fixed length control field 250717b |||||||| |||| 00| 0 eng d
020 ## - INTERNATIONAL STANDARD BOOK NUMBER
International Standard Book Number 9781264787296
040 ## - CATALOGING SOURCE
Original cataloging agency DWC-Main Lib
Transcribing agency OC
082 ## - DEWEY DECIMAL CLASSIFICATION NUMBER
Classification number Circ. 620.106 F514f 2024
100 ## - MAIN ENTRY--PERSONAL NAME
Personal name Finnemore, E. John
245 ## - TITLE STATEMENT
Title Fluid mechanics:
Remainder of title with civil engineering application/
Statement of responsibility, etc. E. John Finnemore
250 ## - EDITION STATEMENT
Edition statement Eleventh edition
260 ## - PUBLICATION, DISTRIBUTION, ETC.
Place of publication, distribution, etc. United States of America :
Name of publisher, distributor, etc. McGaw Hill,
Date of publication, distribution, etc. c2024.
300 ## - PHYSICAL DESCRIPTION
Extent xxiv, 456 pages :
Other physical details some color (chiefly) ;
Dimensions 25cm.
504 ## - BIBLIOGRAPHY, ETC. NOTE
Bibliography, etc. note Includes appendices and index.
650 ## - SUBJECT ADDED ENTRY--TOPICAL TERM
Topical term or geographic name entry element 1. Fluid mechanics.
942 ## - ADDED ENTRY ELEMENTS (KOHA)
Source of classification or shelving scheme Dewey Decimal Classification
Koha item type Book Circulation
Edition Eleventh edition
Call number prefix Circ.
Suppress in OPAC No
952 ## - LOCATION AND ITEM INFORMATION (KOHA)
--
952 ## - LOCATION AND ITEM INFORMATION (KOHA)
--
Holdings
Withdrawn status Lost status Source of classification or shelving scheme Damaged status Not for loan Home library Current library Shelving location Date acquired Source of acquisition Total Checkouts Full call number Barcode Date last seen Copy number Price effective from Koha item type Uniform Resource Identifier
    Dewey Decimal Classification     College Library College Library Circulation 01/17/2025 School Fund   Circ. 620.106 F514f 2024 CL54292 07/17/2025 c1 07/17/2025 BK-CIRC
    Dewey Decimal Classification     College Library College Library Circulation 10/01/2025 SF   irc.620.106 F514f 2024 CL54557 11/26/2025 c2 11/26/2025 BK-CIRC